| 000 | 00674cam a22001811 4500 | ||
|---|---|---|---|
| 082 |
_a909.821 _bLAN _cL-27, P-14 |
||
| 100 | 1 |
_aLandman, Jacob Henry. _949130 |
|
| 245 | 1 | 0 |
_aWorld since 1914 _c[by] J. H. Landman [and] Herbert Wender. |
| 250 | _a9th ed. | ||
| 260 |
_aNew York, _bBarnes & Noble, _c1955. |
||
| 300 |
_a418 p. _billus. _c21 cm. |
||
| 490 | 0 | _aCollege outline4 series, | |
| 500 | _aPublished in 1934 under title: Since 1914. First published in College outline series under title: An outline history of the world since 1914. | ||
| 526 |
_a0 _b0 _c0 _d909_821000000000000_LAN |
||
| 650 | 0 |
_aHistory, Modern _936713 |
|
| 650 | 0 | _aWorld politics. | |
| 942 |
_2ddc _cBK |
||
| 999 |
_c551957 _d551957 |
||